Responses for Show #5135 - Friday, December 29, 2006

Contestants

[<< previous game]

Frank Liu, an anesthesiologist from Los Angeles, California

Laura Piantes, a stay-at-home mom from Queens, New York

Jared Thompson, an actuarial analyst originally from Eureka, Illinois (whose 1-day cash winnings total $20,500)

[next game >>]

Jeopardy! Round responses

19th CENTURY LIT
ENTERTAINMENT AWARDS
THE SHORT FORM
MARLIN
BRAND "O"
I COULDA BEEN A CONTENDER!
    $200 1
(Edgar Allan) Poe

Frank
    $200 12
Merv Griffin

Jared
    $200 11
(Jared: What is graphic?)

paragraph

Jared
Triple Stumper
    $200 21
shotguns

Frank
    $200 2
Oreos

Jared
    $200 30
(Jared: Who is Roth?)

Joe Biden

Jared
Triple Stumper
    $400 7
(Harriet Beecher) Stowe

Jared
    $400 16
Shrek

Jared
    $400 26
repertory

Laura
    $400 22
(Laura: What is rainbow?)
(Jared: What is yellow?)

the blue marlin

JaredLaura
Triple Stumper
    $400 3
Olay

Jared
    $400 20
George Wallace

Frank
    $600 8
Anna Karenina

Laura
    $600 15
Ray Charles

Frank
    $600 27
appetizers

Jared
    $600 23
Ronald Reagan

Triple Stumper
    $600 4
Old Spice

Jared
    $600 17
Bill Bradley

Jared
    $800 9
Pride and Prejudice

Jared
    $800 13
Schindler's List or Saving Private Ryan

Jared
    $800 28
preparatory

Frank
    $800 24
NASCAR

Jared
    $800 5
Ocean Spray

Frank
    $1,000 18
(Jared: Who is McGovern?)
...
(Alex: We're talking about the nomination, not an election.)

Nelson Rockefeller

Jared
    $1000 10
Oscar Wilde

Frank
    $1000 14
Michelle Pfeiffer

Laura
    $1000 29
the regulations

Frank
    $1000 25
Marlin Perkins

Frank
    $1000 6
Oscar Mayer

Jared
    $1000 19
Alan Keyes

Jared

Scores at the first commercial break (after clue 15):

Jared Laura Frank
$4,200 $1,600 $2,600

Scores at the end of the Jeopardy! Round:

Jared Laura Frank
$6,000 $1,600 $6,000

Double Jeopardy! Round responses

THE MIDDLE AGES
(Alex: A fun time.)
FEMALE LEADERS
(Alex: You have to name each woman's band.)
MAO INHIBITORS
GRAB BAG
UNITING THE STATES & CITIES
(Alex: In the clue, we're going to give you a state and a city, and you have to put them together to form a word. For example, if we said "Join the heart of Dixie and the capital of Wisconsin", the correct response would be Alabamadison.)
YOU CAN CALL ME "AL"
    $400 4
Constantinople

Jared
    $400 1
The Pretenders

Laura
    $400 3
Confucius

Jared
    $400 9
(Laura: Who is Jimmy Swaggart?)

Billy Graham

JaredLaura
    $400 10
Vermontpelier

Jared
    $400 26
alumnus

Laura
    $800 5
the crossbow

Laura
    $800 2
The Dixie Chicks

Frank
    $800 18
Tiananmen Square

Frank
    $800 22
a nerd

Frank
    $800 11
Baltimoregon

Jared
    $800 27
"Alouette"

Jared
    $1200 15
Baghdad

Jared
    $1200 6
Big Brother and the Holding Company

Laura
    $1200 19
(Laura: What is the People's Revolution?)

the Cultural Revolution

LauraFrank
    $1200 23
cesium

Frank
    $4,000 12
(Alex: Yes. See how tough it is sometimes without that extra syllable?)

New Mexicolumbia

Jared
    $1200 29
Aladdin

Jared
    $1600 16
(Jared: What is Andalusia?)

Granada

Jared
Triple Stumper
    $1600 7
The Bangles

Frank
    $1600 20
Chiang Kai-shek

Frank
    $1600 24
Homo habilis

Laura
    $1600 13
Omahawaii

Jared
    $3,000 28
Madeleine Albright

Jared
    $2000 17
John Wycliffe

Triple Stumper
    $2000 8
Yaz

Triple Stumper
    $2000 21
The Long March

Frank
    $2000 25
(Alex: The big diamond was [*].)

the Cullinan Diamond

Triple Stumper
    $2000 14
(Alex: Yes. You did well. You did better on those clues than I did on explaining it.)

Michigann Arbor

Jared
    $2000 30
an alb

Frank

Scores at the end of the Double Jeopardy! Round:

Jared Laura Frank
$20,600 $4,400 $18,000

[wagering suggestions for these scores]

Final Jeopardy! Round responses

BROADWAY
LauraWhat is Les Miserables?
$4,390
FrankWhat is Phantom Of The Opera
$9,000
JaredWhat is Phantom of the Opera
$15,401
The Phantom of the Opera

Final scores:

Jared Laura Frank
$36,001 $10 $27,000
2-day champion: $56,501 3rd place: $1,000 2nd place: $2,000

Game dynamics:

Coryat scores:

Jared Laura Frank
$17,400 $4,400 $18,000
25 R
(including 2 DDs),
5 W
(including 1 DD)
8 R,
3 W
18 R,
0 W

Combined Coryat: $39,800

[game clues] [game scores] [suggest correction]

Game tape date: 2006-10-25
The J! Archive is created by fans, for fans. Scraping, republication, monetization, and malicious use prohibited; this site may use cookies and collect identifying information. See terms. The Jeopardy! game show and all elements thereof, including but not limited to copyright and trademark thereto, are the property of Jeopardy Productions, Inc. and are protected under law. This website is not affiliated with, sponsored by, or operated by Jeopardy Productions, Inc. Join the discussion at JBoard.tv.